000
00269nam a22000977a 4500
008
221006b |||||||| |||| 00| 0 eng d
020
_a
9780241342756
100
_a
Kinney Jeff
_9
7570
245
_a
Diary of a Wimpy Kid (Hard Luck )
260
_a
UK
_b
Penguin Random House
_c
2018
999
_c
12061
_d
12061